00350nam a2200133Ia 4500008004100000020001800041041000800059082001600067100002000083245004200103260004200145300001600187365001300203210423s2009 xx 000 0 und d a9780199561605 aeng a823.08 BYAA aBYATT (A S),Ed. aOxford book of english short stories. aOxfordbOxford University Pressc2009 axxx,439bPB b345cINR